000 01154nam a2200193Ia 4500
008 220216s9999 xx 000 0 und d
100 _aHamdan S
245 0 _aThermal analysis of natural rubber Hevea brasiliensis latex
260 _bJournal of Rubber Research
_c2000
300 _a25-33
520 _aThermal analysis of the natural rubber Hevea brasiliensis latex (NRL) with different moisture content was characterised using differential scanning calorimeter. The analysis was done between -100 oC to 150 oC. The thermal characteristics investigated are the glass transition temperature Tg, the boiling point of free-water Tf and bound-water Tb. Results showed that Tg for both dried concentrated rubber latex and dried NRL are similar, i.e. -56.84 oC, and -56.57 oC, respectively while Tg for diluted NRL was noted detected. The existence of moisture shifted the Tf in diluted NRL towards a higher temperature which was similar to the thermogram of de-ionised water.
650 _aHevea brasiliensis
650 _aLatex
650 _aThermal analysis
700 _aHashim D M A
700 _aHassan J
700 _aMuhamad M
942 _cJS
999 _c71200
_d71200